Problémy v oblasti zdaňovania daňovými úradmi v Slovenskej republike diplomová práca

Gespeichert in:
Bibliographische Detailangaben
1. Verfasser: Nagyová, Lucia
Körperschaft: Národohospodárska fakulta EU. Katedra financií
Weitere Verfasser: Borodovčák, Michal
Format: Buch
Sprache:Slowakisch
Veröffentlicht: Bratislava 2008
Tags: Tag hinzufügen
Keine Tags, Fügen Sie das erste Tag hinzu!

MARC

LEADER 00000nam$a2200000$$$4500
001 0078797
005 20240201120147.2
041 0 |a slo 
044 |a SK 
245 1 0 |a Problémy v oblasti zdaňovania daňovými úradmi v Slovenskej republike  |b diplomová práca  |c Lucia Nagyová ; škol. Michal Borodovčák 
264 1 |a Bratislava  |c 2008 
300 |a 68 s. 
100 1 |a Nagyová, Lucia 
700 1 |a Borodovčák, Michal 
710 2 |a Národohospodárska fakulta EU. Katedra financií